Thiên văn học (Khám phá các hành tinh và các ngôi sao trong vũ trụ cũng như tìm hiểu các bí ẩn của môn khoa học cổ nhất T.1

Zapisane w:
Opis bibliograficzny
1. autor: LippinCott, Kristen
Kolejni autorzy: cẩm Thạch (Người dịch)
Format: Książka
Wydane: H. Kim Đồng 2000
Seria:Tủ sách kiến thức thế hệ mới
Hasła przedmiotowe:
Etykiety: Dodaj etykietę
Nie ma etykietki, Dołącz pierwszą etykiete!
Thư viện lưu trữ: Trung tâm Học liệu Lê Vũ Hùng, Trường Đại học Đồng Tháp
LEADER 01055pam a22002418a 4500
001 00015838
005 20171026081022.0
008 110331s2000 ||||||Viesd
020 |c 5000 
041 0 # |a Vie 
082 1 4 |a 520  |b TH305V 
100 1 # |a LippinCott, Kristen 
245 1 0 |a Thiên văn học  |b (Khám phá các hành tinh và các ngôi sao trong vũ trụ cũng như tìm hiểu các bí ẩn của môn khoa học cổ nhất  |c Kristen LippinCott; Người dịch : cẩm Thạch  |n T.1 
260 # # |a H.  |b Kim Đồng  |c 2000 
300 # # |a 32 tr.  |b ảnh màu  |c 21 cm. 
490 # # |a Tủ sách kiến thức thế hệ mới 
650 # 4 |a Thiên văn học 
700 1 # |a cẩm Thạch  |e Người dịch 
852 # # |b Kho mượn  |j KM.0003380, KM.0006337, KM.0006324, KM.0011088 
852 # # |b Kho đọc  |j KD.0001269 
852 # # |j KM.0006324  |j KM.0003380  |j KM.0011088  |j KD.0001269  |j KM.0006337 
910 |d 31/03/2011 
980 # # |a Trung tâm Học liệu Lê Vũ Hùng, Trường Đại học Đồng Tháp